| 000 | 00663nam a2200217 a 4500 | ||
|---|---|---|---|
| 999 |
_c8752 _d8752 |
||
| 001 | 8752 | ||
| 003 | BD-JhCC | ||
| 005 | 20180303180002.0 | ||
| 008 | 180303s1389 bg a|||| ||a| 000 0 ben d | ||
| 035 | _a(BD-JhCC)8752 | ||
| 040 |
_aBD-JhCC _dBD-JhCC |
||
| 041 | _aben | ||
| 082 |
_a320 _bGHS 1389 |
||
| 100 | _aঘোষ,নির্মল. | ||
| 245 |
_aবিপ্ললব দেশে দেশে / _cনির্মল ঘোষ. |
||
| 260 |
_aচট্টগ্রাম: _bশিশু সাহিত্য বিতান; _c1389. |
||
| 300 |
_a89 p. : _bill; _c24 cm. |
||
| 651 | _aRevolution Political Sciene. | ||
| 942 |
_2lcc _cBK |
||